000 00731cab a2200253 4500
001 ABS47463
008 090401t1992 xxu||||| |||| 00| 0 eng d
035 _a(Sirsi) u62078
041 _aeng
100 _aFleming, M.
245 _aProspects for affordability : the latest evidence
260 _c1992
350 _a0
490 _aHouse Builder
_vNovember 1992, 24-28(4)
520 _aAnalyses prospects for affordability of housing on a regional basis based on price/income and advance/income ratios.
650 _aADVANCE/INCOME RATIONS
650 _aAFFORDABILITY
650 _aHOUSE PURCHASE
650 _aPRICE/INCOME RATIOS
650 _aREGIONAL
690 _aHOUSING
942 _n0
948 _c04/03/1997
999 _c38549
_d38549